| 000 | 00780nam a2200229 a 4500 | ||
|---|---|---|---|
| 008 | 120416s1979 ||||||||||||||||| || u | ||
| 020 | _a0394733282 | ||
| 050 | _aJS 365.T45 Cro | ||
| 100 | _aCrook, Isabel | ||
| 245 | 1 | 0 | _aTen Mile Inn |
| 246 | _amass movement in a Chinese village | ||
| 250 | _a1st ed. | ||
| 260 |
_aNew York _bPantheon Books _c1979 |
||
| 300 | _aix, 291p : ill | ||
| 350 | _a0.00 | ||
| 490 | _aThe Pantheon Asia library | ||
| 650 | _aLAND | ||
| 650 | _aCOMMUNISM--CHINA--SHILIDIAN(HEBEI SHENG) | ||
| 650 | _aLand reform--China--Shilidian (Hebei Sheng) | ||
| 700 | _aCrook, David, 1910- | ||
| 995 |
_D0.00 _FCBU-MAIN LIBRARY (Kitwe) _H1 _I26.95 _M1 _UAVAILABLE _ZAnnex Low-Usage Collection |
||
| 999 |
_c59633 _d59633 |
||